Publicidad : (Record no. 95061)

MARC details
000 -CABECERA
campo de control de longitud fija 00628nam a2200205 a 4500
005 - FECHA Y HORA DE LA ÚLTIMA TRANSACCIÓN
campo de control 20221020063417.0
008 - ELEMENTOS DE LONGITUD FIJA--INFORMACIÓN GENERAL
campo de control de longitud fija 030313s2001 mx r 000 0 spa d
020 ## - NÚMERO INTERNACIONAL NORMALIZADO PARA LIBROS
Número Internacional Estándar del Libro 9688561193
035 ## - NÚMERO DE CONTROL DEL SISTEMA
Número de control de sistema UPN01000122878
049 ## - COLECCIÓN
Colección CG
050 #4 - SIGNATURA TOPOGRÁFICA DE LA BIBLIOTECA DEL CONGRESO
Número de clasificación HF5814
Número de documento/Ítem G8.6
100 1# - ASIENTO PRINCIPAL--NOMBRE PERSONAL
Nombre de persona Guinsberg, Enrique
9 (RLIN) 42917
245 10 - MENCIÓN DE TÍTULO
Título Publicidad :
Resto del título manipulación para la reproducción /
Mención de responsabilidad, etc. Enrique Guinsberg.
260 ## - PUBLICACIÓN, DISTRIBUCIÓN, ETC.
Lugar de publicación, distribución, etc. México :
Nombre del editor, distribuidor, etc. Plaza y Valdés :
-- UAM-Xochimilco,
Fecha de publicación, distribución, etc. 2001.
300 ## - DESCRIPCIÓN FÍSICA
Extensión 324 p.
650 #2 - ASIENTO SECUNDARIO DE MATERIA - TERMINO TEMATICO
Término de materia o nombre geográfico como elemento de entrada Publicidad
9 (RLIN) 5809
650 #4 - ASIENTO SECUNDARIO DE MATERIA - TERMINO TEMATICO
Término de materia o nombre geográfico como elemento de entrada MERCADOTECNIA -
Subdivisión general INVESTIGACION
9 (RLIN) 27326
650 #4 - ASIENTO SECUNDARIO DE MATERIA - TERMINO TEMATICO
Término de materia o nombre geográfico como elemento de entrada PROPAGANDA MERCANTIL -
Subdivisión general INVESTIGACION
905 ## - TIPO DE MATERIAL
Tipo de material Libro
Holdings
Estado de retiro Estado de pérdida Fuente del sistema de clasificación o colocación Estado dañado No para préstamo Código de colección Localización permanente Ubicación/localización actual Ubicación en estantería Total de préstamos Clasificación Código de barras Fecha visto por última vez Número de copia Tipo de ítem Koha
    Library of Congress Classification     Colección General Bib. Gregorio Torres Quintero Bib. Gregorio Torres Quintero Planta baja 5 HF5814 G8.6 212379 31/12/2020 1 Libro
    Library of Congress Classification     Colección General Bib. Gregorio Torres Quintero Bib. Gregorio Torres Quintero Planta baja 7 HF5814 G8.6 212378 31/12/2020 1 Libro
    Library of Congress Classification     Colección General Bib. Gregorio Torres Quintero Bib. Gregorio Torres Quintero Planta baja 6 HF5814 G8.6 206626 31/12/2020 1 Libro